| 000 | 00440nam a22001571a 4500 | ||
|---|---|---|---|
| 020 | _c0.00 | ||
| 040 | _aSSUS - Library - Kalady | ||
| 082 |
_aH301 009 HET SWA _bM83 |
||
| 100 | _aHethu Baradwaj | ||
| 245 |
_aSwanthatroyathar hindi kahani meim manav prathibha _h[Text] |
||
| 260 |
_aJaipur _bPanchsheel _c1983 |
||
| 300 | _a247p. | ||
| 600 | _aStories Hindi Criticism | ||
| 852 |
_965.00 _r |
||
| 942 | _cBK | ||
| 999 |
_c45589 _d45589 |
||